Vista normal Vista MARC

Entrada Topical Term

Número de registros utilizados en: 1

001 - CONTROL NUMBER

  • control field: 43497

003 - CONTROL NUMBER IDENTIFIER

  • control field: OSt

005 - DATE AND TIME OF LATEST TRANSACTION

  • control field: 20240227181137.0

008 - FIXED-LENGTH DATA ELEMENTS

  • fixed length control field: 240227|| aca||aabn | a|a d

040 ## - CATALOGING SOURCE

  • Original cataloging agency: OSt
  • Transcribing agency: OSt

150 ## - HEADING--TOPICAL TERM

  • Topical term or geographic name entry element: Desaparecidos
  • General subdivision: Literatura

670 ## - SOURCE DATA FOUND

  • Source citation: Work cat.: (OSt)4385: Larsson, Stieg autor 7548, Los hombres que no amaban a las mujeres /, ©2010